000 00508nam a22001697a 4500
999 _c7981
_d7981
003 GBCCL
005 20241126110640.0
008 181122b ||||| |||| 00| 0 eng d
040 _cGBC
082 _aARCH GBC-2008
_bLIA
100 _aLian, Van Pek
_913930
245 _aThe Impact of the Gospel Among the Falam Tribe in Myanmar |
_cVan Pek Lian
260 _aNew Lamka:
_bGrace Bible College,
_c2008
300 _avii + 73 p.;
_c21 x 29 cm.
650 _aChristianity
_xFalam
_zMyanmar
_913931
942 _2ddc
_cTH